00791nam a2200193 a 4500003000200000005001700002008004100019050002800060100003500088245013800123260009200261300004800353504004100401650003100442650003800473650002700511650002900538650003000567020250523155310.0021127s19uu xx 00 eng d aPGS HV 4990b.G993 2001 aGuzman, Angela Marie Nicole S. aA Survey on Third Year and Fourth Year students of Southville International School on why they smoke.cAngela Marie Nicole S. Guzman. aLas Piñas City, Philippines : bSouthville International School and Colleges,c2001. a20 pages :bcolored illustrations ;c28 cm. aIncludes bibliographical references. aSmoking vSocial aspects. aSmokingvPsychological aspects.  aAdolescentsvDrug use. a YouthvHealth behavior. aTobacco usevPrevention.